| 000 | 00745nas a2200229 4500 | ||
|---|---|---|---|
| 001 | BR2018001937 | ||
| 003 | BR-BrBNA | ||
| 005 | 20231205131417.0 | ||
| 007 | ta | ||
| 008 | 230509b bl.|||p| |||| 00| 00por d | ||
| 040 |
_aBR-BrBNA _bpor _cBiblioteca Nacional de Agricultura |
||
| 041 | _a(En) | ||
| 072 | _aU10 | ||
| 100 | 1 | _aArnhold, E. | |
| 245 | 1 | _aR-environment package for regression analysis | |
| 650 | _aPROGRAMA DE COMPUTADOR | ||
| 650 | _aANÁLISE DE DADOS | ||
| 773 | 0 |
_tPesquisa Agropecuária Brasileira (Brazil) _xISSN 1678-3921 _g(Jul 2018), v. 53(7) p. 870-873 _wBR2018001937 |
|
| 856 | 4 | 0 | _uhttp://www.scielo.br/pdf/pab/v53n7/1678-3921-pab-53-07-870.pdf |
| 909 |
_a202311 _bLúcia _c55 _dLúcia Elande |
||
| 942 |
_2AGRIS _n0 _cANA |
||
| 999 |
_c254653 _d254653 |
||